Loading...
Mythology | 0 | 5 | 1 | 2 | 45 | 73 | 102.40 | 1 | 3 |
Social Science | 0 | 3 | 0 | 0 | 30 | 66 | 82.00 | 1 | 3 |
History - World History | 0 | 3 | 0 | 1 | 30 | 43 | 76.00 | 2 | 2 |
Literature - World/Other Literature | 0 | 3 | 0 | 0 | 30 | 48 | 80.33 | 1 | 1 |
History - European History | 0 | 3 | 0 | 0 | 30 | 53 | 84.33 | 1 | 2 |
History - Other History | 0 | 4 | 2 | 1 | 30 | 49 | 86.75 | 1 | 2 |
Geography/Current Events | 0 | 3 | 0 | 2 | 30 | 59 | 106.67 | 1 | 2 |
Literature - British Literature | 0 | 2 | 0 | 1 | 20 | 77 | 86.50 | 0 | 1 |
Philosophy | 0 | 2 | 1 | 0 | 15 | 76 | 78.00 | 0 | 2 |
History - American History | 0 | 1 | 0 | 0 | 10 | 89 | 89.00 | 0 | 1 |
Fine Arts - Other Fine Arts | 0 | 1 | 0 | 1 | 10 | 150 | 150.00 | 0 | 0 |
Religion | 0 | 2 | 2 | 1 | 10 | 75 | 104.00 | 0 | 1 |
Science - Biology | 0 | 1 | 1 | 0 | 5 | 83 | 83.00 | 0 | 0 |
Fine Arts - Classical Music | 0 | 0 | 1 | 0 | -5 | 0.00 | 0 | 0 | |
Literature - European Literature | 0 | 0 | 2 | 0 | -10 | 0.00 | 0 | 0 | |
Fine Arts - Visual Fine Arts | 0 | 0 | 3 | 0 | -15 | 0.00 | 0 | 0 |